Manual de neurología

Guardat en:
Dades bibliogràfiques
Autors principals: Cambier, J (Autor), Masson, M (Autor), Dehen, H (Autor), Lechevalier, B (Autor), Delaporte, P (Autor), Creissard, P (Autor)
Format: Llibre
Idioma:espanyol
Publicat: Barcelona Toray-Masson 1978
Edició:2a. ed
Matèries:
Etiquetes: Afegir etiqueta
Sense etiquetes, Sigues el primer a etiquetar aquest registre!

MARC

LEADER 00000nam a2200000 a 4500
001 UCY9639
003 CL-VaPUC
008 950717e19781000SP |||||||||||||||||spa|d
082 0 4 |a 616.8  |b CAM  |2 21 
100 0 |a Cambier, J  |e author  |9 342080 
700 0 |a Masson, M  |e author  |9 342081 
700 0 |a Dehen, H  |e author  |9 342082 
700 0 |a Lechevalier, B  |e author  |9 342083 
700 0 |a Delaporte, P  |e author  |9 342084 
700 0 |a Creissard, P  |e author  |9 342085 
245 1 0 |a Manual de neurología 
250 |a 2a. ed 
300 |a 562 p 
942 |c BK 
945 |d 19950717 00:00:00  |a lriquelm 
260 |a Barcelona  |b Toray-Masson  |c 1978 
650 0 |a Neurología   |9 269802 
650 7 |a ENFERMEDADES DEL SISTEMA NERVIOSO  |2 CL-VaPUC  |9 269801 
650 0 |a Sistema nervioso  |9 266815 
650 7 |a NEUROFISIOLOGIA  |2 CL-VaPUC  |9 342086 
650 0 |a Patología  |9 335879 
650 7 |a PSICOSIS  |2 CL-VaPUC  |9 315438 
650 7 |a TESTS MEDICO FISICO  |2 CL-VaPUC  |9 342087 
650 0 |a Enfermedades mentales   |9 310204 
650 0 |a Trombosis  |9 342044 
583 |a last modification  |c 19950717 00:00:00  |k Rodrigo Vera 
999 |c 236692  |d 236690 
952 |0 0  |1 0  |4 0  |6 616_800000000000000_CAM_1978  |7 0  |8 R  |9 244951  |a BIBEDU  |b BIBEDU  |c MCIRC  |d 2019-11-18  |i 1532561  |o 616.8 CAM 1978  |p 1532561  |r 2023-01-13  |w 2019-11-18  |y BK_R  |k EDU